000 01072nam a2200217Ia 4500
003 OSt
005 20201214181509.0
008 191128s1989 ck fr 100 0 spa d
040 _aCO-JMCR
_cCO-JMCR
041 0 _aspa
082 0 4 _a338.01 /
_bF727r
_223
111 2 _aForo de reestructuración Industrial y apertura hacia los mercados internacionales
_d(1989 :
_cCali)
_97056
245 1 0 _aReestructuracion industrial y apertura hacia los mercados internacionales /
_cmemorias del foro realizado en conmemoración de los 30 años de Incolda
260 _aCali :
_bIncolda : Icesi,
_c1989
300 _a73 páginas ;
_c23 cm.
490 0 _aMonografías
505 0 _aDiscursos del doctor Juan María Rendon G. -- Resolución No 2 de 1989 de la junta directiva de Incolda -- La integración al mundo -- Palabras de presentación del Señor Viceministro de Desarrollo doctor Jorge Rodriguez Mancera
650 1 4 _aMercado de exportación
_vCongresos, seminarios, etc.
_97057
650 1 4 _aReestructuración industrial
_vCongresos, seminarios, etc.
_97058
942 _2ddc
_cBK
999 _c5821
_d5821